| 000 | 00782nam a22002297a 4500 | ||
|---|---|---|---|
| 003 | UA-OsUOA | ||
| 001 | 111163 | ||
| 007 | ta | ||
| 008 | 20150427b un ||||| |||| 00| 0 ukr d | ||
| 090 |
_a373.3/5:81/82 _bП78 |
||
| 942 | _cBK | ||
| 040 |
_aUA-OsUOA _bukr _cUA-OsUOA _dUA-OsUOA |
||
| 245 |
_aПроблеми конструювання підручників з мов і літератур етнічних меншин для початкової і основної школи _bмонографія |
||
| 300 | _a144 с. | ||
| 955 | _a2 | ||
| 041 | _aukr | ||
| 080 | _a373.3/5:81/82 | ||
| 020 | _a978-966-644-310-9 | ||
| 260 |
_aК. _bПедагогічна думка _c2012 |
||
| 650 | 7 |
_a373 Види загальноосвітніх шкіл _2UDC |
|
| 999 |
_c397169 _d397169 |
||